Nommez ces personnes célèbres - Quiz d'images #7 - Statistiques

Statistiques générales
  • Ce quiz a été pris 447 fois
  • Le résultat moyen est 6 sur 15
Statistiques - réponses
Par images Hint Réponse % Correct
France Nicolas Sarkozy
95%
Argentine Pape François
90%
Slovenie Melania Trump
75%
Irak Saddam Hussein
63%
Espagne Enrique Iglesias
54%
Republiqué Tchèque Ivana Trump
54%
Royaume-Uni Seal
49%
Allemagne Claudia Schiffer
44%
Pakistan Malala
36%
États-Unis Sarah Palin
22%
Afrique du Sud Desmond Tutu
21%
Canada Michael J. Fox
17%
Philippines Imelda Marcos
9%
Corée du sud Park Geun-hye
5%
Belgique Diane von Fürstenberg
2%
Aucun quiz correspondant
Distribution des résultats
% des personnes avec chaque résultat
Percentile par nombre de réponses
Votre historique - résultats
Vous n’avez pas pris ce quiz